000 00394nam a22001457a 4500
999 _c7688
_d7686
005 20210319121510.0
008 210319b ||||| |||| 00| 0 eng d
082 _a346.066
100 _aAIYAR, A.N.
_96466
245 _aCOMPANY CASES THE CORPORATE LAW WEEKLY [172]
260 _aCHENNAI
_bCOMPANY LAW INSTITUTE OF INDIA
_c2012
300 _a680,i-xxviii,p
650 _aLAW
_95701
942 _cJRL